000 01490cam a2200397 a 4500
001 10252909
003 USPCAS-E
005 20180118181416.0
006 m u
007 cr cn|||||||||
008 120713s2012 gw a sb 001 0 eng d
020 _z9783527328697
020 _z9783527640089 (e-book)
035 _a(CaPaEBR)ebr10575560
035 _a(NNC)10252909
040 _aCaPaEBR
_cCaPaEBR
050 1 4 _aTJ165
_b.E44 2012eb
082 _223
_a621.3126
_bELE 2012
245 0 0 _aElectrochemical technologies for energy storage and conversion.
_nVolume 1
_h[electronic resource] /
_cedited by Ru-Shi Liu ... [et al.].
260 _aWeinheim, Germany :
_bWiley-VCH,
_c2012.
300 _axxiv, 791 p. :
_bill.
490 1 _aElectrochemical technologies for energy storage and conversion ;
_vv. 1
502 _a.
504 _aIncludes bibliographical references and index.
533 _aElectronic reproduction.
_bPalo Alto, Calif. :
_cebrary,
_d2013.
_nAvailable via World Wide Web.
_nAccess may be limited to ebrary affiliated libraries.
650 0 _aEnergy storage.
650 0 _aEnergy conversion.
650 0 _aElectrochemistry.
655 7 _aElectronic books.
_2local
700 1 _aLiu, Ru-Shi.
710 2 _aebrary, Inc.
830 0 _aElectrochemical technologies for energy storage and conversion ;
_vv. 1.
856 4 0 _uhttp://www.columbia.edu/cgi-bin/cul/resolve?clio10252909
_zClick here for full text.
942 _2ddc
_cBK
999 _c355879
_d355879